Subtidal Ecology (Record no. 82142)

MARC details
000 -LEADER
fixed length control field 00327pam a2200121 a 4500
020 ## - INTERNATIONAL STANDARD BOOK NUMBER
International Standard Book Number 9-780521-427906
Terms of availability
040 ## - CATALOGING SOURCE
Original cataloging agency GOAU_403206
041 ## - LANGUAGE CODE
Language code of text/sound track or separate title eng
100 ## - MAIN ENTRY--PERSONAL NAME
Personal name Wood, Elizabeth M
245 ## - TITLE STATEMENT
Title Subtidal Ecology
Remainder of title New Studies in Biology
Medium Textual Documents
260 ## - PUBLICATION, DISTRIBUTION, ETC.
Place of publication, distribution, etc. London
Name of publisher, distributor, etc. Edward Arnold Publishers Ltd
Date of publication, distribution, etc. 1987
930 ## - EQUIVALENCE OR CROSS-REFERENCE-UNIFORM TITLE HEADING [LOCAL, CANADA]
Uniform title 5226
Holdings
Withdrawn status Lost status Damaged status Not for loan Collection Home library Current library Date acquired Source of acquisition Cost, normal purchase price Total Checkouts Full call number Barcode Date last seen Copy number Price effective from Koha item type
          Yashwantrao Mohite College of Arts, Science And Commerce, Pune Yashwantrao Mohite College of Arts, Science And Commerce, Pune 29/04/2021 Diamond Publication 379.00   YMP-34457 24/02/2023 1 24/02/2023 Book